[Event "43. Olimpiada Batumi 2018 Femenina"]
[Site "Batumi GEO"]
[Date "2018.09.28"]
[Round "5.2"]
[White "Ozturk, Kubra"]
[Black "Charkhalashvili, Inga"]
[Result "1/2-1/2"]
[WhiteElo "2345"]
[BlackElo "2317"]
[PlyCount "66"]
[EventDate "2018.09.24"]
[EventType "team-swiss"]
[EventRounds "11"]
[EventCountry "GEO"]
[SourceTitle "Ajedrez en Madrid"]
[Source "lmi"]
[SourceDate "2018.09.24"]
[WhiteTeam "Turkey"]
[BlackTeam "Georgia 2"]
[WhiteTeamCountry "TUR"]

1. d4 d6 2. Nf3 Nf6 3. b3 g6 4. Bb2 Bg7 5. Nbd2 Bf5 6. h3 Ne4 7. g4 Nxd2 8.
Qxd2 Be4 9. Qf4 Bxf3 10. Qxf3 c6 11. O-O-O Nd7 12. Kb1 Qc7 13. Bg2 d5 14. e4
dxe4 15. Qxe4 Nf6 16. Qe5 O-O-O 17. f4 Ne8 18. Qe3 e6 19. c4 Kb8 20. Rd3 h5 21.
d5 Bxb2 22. Kxb2 hxg4 23. hxg4 Rxh1 24. Bxh1 exd5 25. cxd5 c5 26. Rc3 Rc8 27.
Qe5 Nd6 28. Rh3 Re8 29. Qf6 Qb6 30. Kc2 Qa6 31. Rh8 Qxa2+ 32. Kc1 Qa3+ 33. Kc2
Qa2+ 1/2-1/2

[Event "43. Olimpiada Batumi 2018 Femenina"]
[Site "Batumi GEO"]
[Date "2018.09.28"]
[Round "5.3"]
[White "Gvetadze, Sofio"]
[Black "Yildiz Kadioglu, Betul Cemre"]
[Result "1-0"]
[WhiteElo "2325"]
[BlackElo "2287"]
[PlyCount "63"]
[EventDate "2018.09.24"]
[EventType "team-swiss"]
[EventRounds "11"]
[EventCountry "GEO"]
[SourceTitle "Ajedrez en Madrid"]
[Source "lmi"]
[SourceDate "2018.09.24"]
[WhiteTeam "Georgia 2"]
[BlackTeam "Turkey"]
[BlackTeamCountry "TUR"]

1. e4 e5 2. Nf3 Nc6 3. Bb5 a6 4. Ba4 Nf6 5. O-O Be7 6. Qe2 b5 7. Bb3 d6 8. c3
O-O 9. h3 Be6 10. Rd1 Bxb3 11. axb3 d5 12. d3 d4 13. b4 Qd6 14. Nbd2 Rfd8 15.
Nb3 Qe6 16. Qc2 h6 17. Ra3 Bf8 18. Bd2 Nd7 19. Rda1 Ndb8 20. cxd4 Nxb4 21. Qxc7
Rc8 22. Qb7 Nc2 23. d5 Qd7 24. Qxa8 Bxa3 25. Rxa3 Nxa3 26. bxa3 Qc7 27. Bb4 Qc2
28. Qb7 Rd8 29. Qe7 Rc8 30. Nxe5 Qxb3 31. Qxf7+ Kh8 32. Bf8 1-0

[Event "43. Olimpiada Batumi 2018 Femenina"]
[Site "Batumi GEO"]
[Date "2018.09.28"]
[Round "5.4"]
[White "Arda, Cagil Irmak"]
[Black "Khukhashvili, Sopiko"]
[Result "0-1"]
[WhiteElo "2096"]
[BlackElo "2301"]
[PlyCount "92"]
[EventDate "2018.09.24"]
[EventType "team-swiss"]
[EventRounds "11"]
[EventCountry "GEO"]
[SourceTitle "Ajedrez en Madrid"]
[Source "lmi"]
[SourceDate "2018.09.24"]
[WhiteTeam "Turkey"]
[BlackTeam "Georgia 2"]
[WhiteTeamCountry "TUR"]

1. e4 c5 2. Nf3 d6 3. Bb5+ Nd7 4. O-O a6 5. Bd3 Ngf6 6. Re1 e6 7. c3 b5 8. Bc2
c4 9. d4 cxd3 10. Bxd3 Bb7 11. a4 bxa4 12. Qxa4 Qc7 13. Nbd2 Be7 14. Qa5 Qc8
15. c4 O-O 16. b3 Nc5 17. Bc2 e5 18. Ba3 Bd8 19. Qc3 Bb6 20. h3 Nh5 21. Nh4 g6
22. b4 Ne6 23. Nb3 Nef4 24. g4 Qd8 25. Ng2 Nxg2 26. Kxg2 Nf4+ 27. Kf1 Qh4 28.
Qg3 Qf6 29. c5 dxc5 30. bxc5 Rfc8 31. Rab1 Bc6 32. Bd1 Bb5+ 33. Kg1 Bd8 34. Re3
Be7 35. Rc1 a5 36. Nd2 Rd8 37. Nf1 Rac8 38. Qf3 Qa6 39. Nh2 Rd2 40. Kh1 Bf1 41.
Kg1 Nxh3+ 42. Kh1 Nxf2+ 43. Kg1 Nh3+ 44. Kh1 Bg2+ 45. Qxg2 Rxg2 46. Kxg2 Bg5
0-1

[Event "43. Olimpiada Batumi 2018 Femenina"]
[Site "Batumi GEO"]
[Date "2018.09.28"]
[Round "5.1"]
[White "Olsarova, Karolina"]
[Black "Richards, Heather S"]
[Result "1-0"]
[WhiteElo "2303"]
[BlackElo "2259"]
[PlyCount "181"]
[EventDate "2018.09.24"]
[EventType "team-swiss"]
[EventRounds "11"]
[EventCountry "GEO"]
[SourceTitle "Ajedrez en Madrid"]
[Source "lmi"]
[SourceDate "2018.09.24"]
[WhiteTeam "Czech Republic"]
[BlackTeam "Australia"]
[WhiteTeamCountry "CZE"]
[BlackTeamCountry "AUS"]

1. e4 c5 2. Nf3 Nc6 3. d4 cxd4 4. Nxd4 e5 5. Nb5 d6 6. c4 Be7 7. Be2 a6 8. N5c3
f5 9. exf5 Bxf5 10. O-O Nf6 11. Be3 O-O 12. Nd5 Nxd5 13. Qxd5+ Kh8 14. a3 Bg5
15. Nc3 Bxe3 16. fxe3 Qb6 17. Qd2 Rae8 18. Rf2 Be6 19. Raf1 Rxf2 20. Rxf2 Ne7
21. Ne4 d5 22. c5 Qc6 23. Nd6 Rd8 24. Bg4 Bg8 25. Qc3 b6 26. Qxe5 Ng6 27. Qg5
Ra8 28. h4 Qxc5 29. Nf5 Qc7 30. h5 Nf8 31. h6 Ne6 32. hxg7+ Qxg7 33. Qh4 Qe5
34. Ne7 Qg5 35. Qxg5 Nxg5 36. Rf5 Ne4 37. Bf3 Rd8 38. Re5 Bf7 39. Nxd5 Bxd5 40.
Bxe4 Bxe4 41. Rxe4 Rd1+ 42. Kh2 Rd2 43. Rb4 b5 44. Kg3 Kg7 45. Kf3 Kf6 46. b3
Rb2 47. a4 bxa4 48. Rf4+ Kg5 49. bxa4 h5 50. Rc4 Rb6 51. Rc5+ Kg6 52. e4 Kh6
53. Kf4 Rf6+ 54. Rf5 Rg6 55. Kf3 Rb6 56. a5 Rc6 57. Kf4 Kg6 58. Rd5 Rf6+ 59.
Ke3 Rc6 60. Re5 Rc3+ 61. Kf4 Rc6 62. Rg5+ Kh6 63. Rd5 Rf6+ 64. Rf5 Rc6 65. g3
Kg6 66. Rg5+ Kh6 67. Rd5 Rf6+ 68. Rf5 Rg6 69. Rf8 Rg4+ 70. Kf3 Rg6 71. Rb8 Rf6+
72. Kg2 Kg5 73. Rb6 Rf8 74. Rxa6 Rc8 75. Rd6 Rc2+ 76. Kf3 Rc3+ 77. Kf2 Ra3 78.
a6 h4 79. gxh4+ Kxh4 80. Ke2 Kg5 81. Kd2 Kf4 82. Re6 Kg5 83. Kc2 Kf4 84. Kb2
Ra5 85. Kb3 Ke3 86. Kb4 Ra1 87. Kc5 Kd3 88. Kb6 Rb1+ 89. Kc7 Ra1 90. Kb7 Kd4
91. a7 1-0

[Event "43. Olimpiada Batumi 2018 Femenina"]
[Site "Batumi GEO"]
[Date "2018.09.28"]
[Round "5.2"]
[White "Ryjanova, Julia"]
[Black "Worek, Joanna"]
[Result "1/2-1/2"]
[WhiteElo "2330"]
[BlackElo "2295"]
[PlyCount "106"]
[EventDate "2018.09.24"]
[EventType "team-swiss"]
[EventRounds "11"]
[EventCountry "GEO"]
[SourceTitle "Ajedrez en Madrid"]
[Source "lmi"]
[SourceDate "2018.09.24"]
[WhiteTeam "Australia"]
[BlackTeam "Czech Republic"]
[WhiteTeamCountry "AUS"]
[BlackTeamCountry "CZE"]

1. d4 Nf6 2. c4 e6 3. Nc3 Bb4 4. Nf3 b6 5. e3 O-O 6. Bd3 d5 7. a3 Bxc3+ 8. bxc3
dxc4 9. Bxc4 c5 10. O-O Bb7 11. a4 Qc7 12. Be2 Nbd7 13. Bb2 Rad8 14. a5 e5 15.
axb6 axb6 16. Ra7 Ra8 17. Rxa8 Bxa8 18. Qb3 exd4 19. cxd4 Bd5 20. Bc4 Bxf3 21.
gxf3 cxd4 22. Bxd4 Qc6 23. Kg2 Nc5 24. Qc3 Rc8 25. Rc1 Ne8 26. Be2 Qg6+ 27. Kf1
Qh5 28. Be5 Qh3+ 29. Kg1 h5 30. Qc4 Rc6 31. Bg3 Qf5 32. Rd1 Rc8 33. Qd5 Qg6 34.
h4 Nf6 35. Qd4 Qc2 36. Qd2 Qb3 37. Kh2 Ra8 38. Rg1 Qe6 39. Qd4 Qd7 40. Be5 Qxd4
41. Bxd4 Kf8 42. Rb1 Nfd7 43. Rxb6 Ne6 44. Rb7 Ndc5 45. Rb5 Nxd4 46. exd4 Ne6
47. Rxh5 Ra2 48. Bc4 Rxf2+ 49. Kg3 Rd2 50. d5 Nc7 51. Bb3 Rd3 52. Bc4 Rd4 53.
Ba2 Rd2 1/2-1/2

[Event "43. Olimpiada Batumi 2018 Femenina"]
[Site "Batumi GEO"]
[Date "2018.09.28"]
[Round "5.3"]
[White "Petrova, Kristyna"]
[Black "Nguyen, Thu Giang"]
[Result "1/2-1/2"]
[WhiteElo "2248"]
[BlackElo "2134"]
[PlyCount "105"]
[EventDate "2018.09.24"]
[EventType "team-swiss"]
[EventRounds "11"]
[EventCountry "GEO"]
[SourceTitle "Ajedrez en Madrid"]
[Source "lmi"]
[SourceDate "2018.09.24"]
[WhiteTeam "Czech Republic"]
[BlackTeam "Australia"]
[WhiteTeamCountry "CZE"]
[BlackTeamCountry "AUS"]

1. e4 e5 2. Nf3 Nc6 3. Bc4 Bc5 4. O-O Nf6 5. c3 Nxe4 6. d4 d5 7. Bb5 exd4 8.
cxd4 Be7 9. Ne5 Bd7 10. Bxc6 Bxc6 11. Nxc6 bxc6 12. Nd2 Nf6 13. Nf3 O-O 14. Qc2
Qd6 15. b3 Ne4 16. Bb2 Qh6 17. Ne5 c5 18. f3 Ng5 19. dxc5 Ne6 20. b4 Qf4 21.
Nc6 Bf6 22. Rfe1 Nd4 23. Nxd4 Bxd4+ 24. Kh1 c6 25. Rab1 Rfe8 26. Rxe8+ Rxe8 27.
Bxd4 Qxd4 28. h3 a6 29. a4 h6 30. b5 axb5 31. axb5 cxb5 32. c6 Qb6 33. Rc1 Rc8
34. c7 b4 35. Qc5 Qxc5 36. Rxc5 b3 37. Rxd5 Rxc7 38. Rd8+ Kh7 39. Rb8 Rc3 40.
Rb6 f6 41. Kh2 Kg6 42. Rb7 Kf5 43. Rxg7 Kf4 44. Rb7 h5 45. Rb4+ Ke3 46. Kg3 Kd2
47. Kh4 Kc2 48. Kxh5 Rc5+ 49. Kg6 Rg5+ 50. Kxf6 Rxg2 51. h4 Rg3 52. h5 Rxf3+
53. Kg7 1/2-1/2

[Event "43. Olimpiada Batumi 2018 Femenina"]
[Site "Batumi GEO"]
[Date "2018.09.28"]
[Round "5.4"]
[White "Berezina, Irina"]
[Black "Novosadova, Kristyna"]
[Result "1/2-1/2"]
[WhiteElo "2112"]
[BlackElo "2231"]
[PlyCount "103"]
[EventDate "2018.09.24"]
[EventType "team-swiss"]
[EventRounds "11"]
[EventCountry "GEO"]
[SourceTitle "Ajedrez en Madrid"]
[Source "lmi"]
[SourceDate "2018.09.24"]
[WhiteTeam "Australia"]
[BlackTeam "Czech Republic"]
[WhiteTeamCountry "AUS"]
[BlackTeamCountry "CZE"]

1. d4 d5 2. Nf3 Nf6 3. c4 dxc4 4. Qa4+ Nbd7 5. g3 g6 6. Bg2 Bg7 7. O-O O-O 8.
Qxc4 Nb6 9. Qc2 Bf5 10. Qd1 a5 11. Nc3 Ne4 12. Nh4 Nxc3 13. bxc3 Bc8 14. e4 e5
15. d5 Bd7 16. Ba3 Re8 17. Qd3 Bf6 18. Nf3 Be7 19. Bxe7 Qxe7 20. c4 Na4 21. Qe3
Kg7 22. Rac1 Qc5 23. Qe2 Qd6 24. Nd2 Nc5 25. h4 a4 26. Kh2 Re7 27. Bh3 Be8 28.
Qe3 b6 29. Kg2 c6 30. h5 Rc7 31. hxg6 fxg6 32. f4 Bf7 33. Nf3 exf4 34. Qd4+ Kg8
35. e5 Qd8 36. e6 cxd5 37. exf7+ Rxf7 38. Qxd5 fxg3 39. Rcd1 Qxd5 40. cxd5 Re7
41. Nd4 Re3 42. Rf3 Rxf3 43. Nxf3 b5 44. Rb1 Rd8 45. Rxb5 Rxd5 46. Rb6 Kg7 47.
Kxg3 Ne4+ 48. Kf4 Nc3 49. Rb7+ Kf6 50. Rb6+ Kg7 51. Rb7+ Kf6 52. Rb6+ 1/2-1/2

[Event "43. Olimpiada Batumi 2018 Femenina"]
[Site "Batumi GEO"]
[Date "2018.09.28"]
[Round "5.1"]
[White "Botsari, Anna-Maria"]
[Black "Mamedjarova, Zeinab"]
[Result "1/2-1/2"]
[WhiteElo "2252"]
[BlackElo "2358"]
[PlyCount "97"]
[EventDate "2018.09.24"]
[EventType "team-swiss"]
[EventRounds "11"]
[EventCountry "GEO"]
[SourceTitle "Ajedrez en Madrid"]
[Source "lmi"]
[SourceDate "2018.09.24"]
[WhiteTeam "Greece"]
[BlackTeam "Azerbaijan"]
[WhiteTeamCountry "GRE"]
[BlackTeamCountry "AZE"]

1. d4 d5 2. c4 c6 3. Nf3 Nf6 4. Qb3 e6 5. g3 Be7 6. Bg2 O-O 7. O-O Nbd7 8. Nc3
b6 9. Rd1 Bb7 10. a4 c5 11. cxd5 Nxd5 12. a5 Qc8 13. a6 Bc6 14. Bd2 Nb4 15. e4
Nf6 16. Bg5 Nxa6 17. d5 exd5 18. exd5 Bb7 19. d6 Bd8 20. Nb5 c4 21. Qa4 Qc5 22.
Be3 Qh5 23. Nbd4 Rc8 24. h3 c3 25. bxc3 Rxc3 26. Qb5 Rc5 27. Qe2 Ne4 28. g4 Qg6
29. Nb5 Rxb5 30. Qxb5 Nc3 31. Qd7 Nxd1 32. Rxd1 Nc5 33. Bxc5 Bxf3 34. Bxf3 bxc5
35. Qxa7 Qc2 36. Qa3 Bf6 37. Rc1 Bb2 38. Rxc2 Bxa3 39. Ra2 Bb4 40. Bd5 c4 41.
Bxc4 Bxd6 42. Ra7 g6 43. Rd7 Be5 44. Kg2 Kg7 45. h4 h6 46. Kf3 g5 47. hxg5 hxg5
48. Ke4 Bf4 49. Kf5 1/2-1/2

[Event "43. Olimpiada Batumi 2018 Femenina"]
[Site "Batumi GEO"]
[Date "2018.09.28"]
[Round "5.2"]
[White "Balajayeva, Khanim"]
[Black "Tsolakidou, Stavroula"]
[Result "1-0"]
[WhiteElo "2326"]
[BlackElo "2393"]
[PlyCount "89"]
[EventDate "2018.09.24"]
[EventType "team-swiss"]
[EventRounds "11"]
[EventCountry "GEO"]
[SourceTitle "Ajedrez en Madrid"]
[Source "lmi"]
[SourceDate "2018.09.24"]
[WhiteTeam "Azerbaijan"]
[BlackTeam "Greece"]
[WhiteTeamCountry "AZE"]
[BlackTeamCountry "GRE"]

1. e4 c5 2. c3 d5 3. exd5 Qxd5 4. d4 Nf6 5. Nf3 Bg4 6. Nbd2 Nc6 7. Bc4 Bxf3 8.
Qb3 Na5 9. Qb5+ Qd7 10. Nxf3 Nxc4 11. Qxc4 cxd4 12. Nxd4 Rc8 13. Qb3 e6 14. Bg5
Bc5 15. Rd1 O-O 16. Bxf6 gxf6 17. O-O Kh8 18. Rfe1 Qc7 19. c4 Rg8 20. Qf3 f5
21. a3 Rg4 22. Qc3 Rg7 23. Rd3 Qf4 24. Red1 Rcg8 25. Rg3 e5 26. Rxg7 Rxg7 27.
Nf3 Bd4 28. Nxd4 Qg4 29. Qf3 exd4 30. Qxg4 fxg4 31. Rxd4 Rg6 32. Kf1 Kg7 33. b4
b6 34. Ke2 h5 35. Rd7 Re6+ 36. Kd3 Rf6 37. c5 bxc5 38. bxc5 Rxf2 39. c6 Rf6 40.
c7 Rc6 41. Kd4 Rc2 42. Kd5 h4 43. Kd6 Rd2+ 44. Ke7 Rc2 45. Kd8 1-0

[Event "43. Olimpiada Batumi 2018 Femenina"]
[Site "Batumi GEO"]
[Date "2018.09.28"]
[Round "5.3"]
[White "Avramidou, Anastasia"]
[Black "Mammadova, Gulnar"]
[Result "1/2-1/2"]
[WhiteElo "2260"]
[BlackElo "2355"]
[PlyCount "150"]
[EventDate "2018.09.24"]
[EventType "team-swiss"]
[EventRounds "11"]
[EventCountry "GEO"]
[SourceTitle "Ajedrez en Madrid"]
[Source "lmi"]
[SourceDate "2018.09.24"]
[WhiteTeam "Greece"]
[BlackTeam "Azerbaijan"]
[WhiteTeamCountry "GRE"]
[BlackTeamCountry "AZE"]

1. d4 e6 2. Nc3 d5 3. Bf4 Nf6 4. e3 Bd6 5. Nf3 O-O 6. Bd3 c5 7. Bxd6 Qxd6 8.
O-O Nc6 9. dxc5 Qxc5 10. e4 d4 11. e5 Nxe5 12. Nxd4 Rd8 13. Nf3 Nxd3 14. Ne1 b6
15. Nxd3 Qf5 16. Qe2 Ba6 17. Rfd1 Nd5 18. Nxd5 Rxd5 19. Rd2 Rad8 20. Rad1 h6
21. Qe3 Bb7 22. f3 e5 23. Nf2 Qg6 24. Rd3 Rxd3 25. Rxd3 Rxd3 26. Nxd3 e4 27.
fxe4 Bxe4 28. g3 Qc6 29. b3 f5 30. c4 Qf6 31. Kf2 Qa1 32. Nc1 Qb2+ 33. Ne2 Qxa2
34. g4 Qc2 35. gxf5 Bxf5 36. Kg3 Qd1 37. Nf4 Qg4+ 38. Kf2 Qh4+ 39. Kg2 Kh7 40.
b4 Qf6 41. Nd5 Qc6 42. Qd4 b5 43. cxb5 Qxb5 44. Qe5 Qd3 45. Nc3 h5 46. Kf2 h4
47. Qf4 h3 48. Ne2 Qd5 49. Qg5 Qe4 50. Ng3 Qd4+ 51. Qe3 Qb2+ 52. Qe2 Qxe2+ 53.
Nxe2 Bd7 54. Kg3 g5 55. Ng1 g4 56. Ne2 Kg6 57. Kf4 Kf6 58. Ng3 Ke6 59. Ne4 Bc8
60. Nc3 a6 61. Na4 Kd6 62. Nc3 Be6 63. Ne4+ Kd5 64. Nc5 Bc8 65. Na4 Kd4 66. Kg3
Kd3 67. Nc5+ Kc4 68. Nxa6 Bxa6 69. Kxg4 Bc8+ 70. Kg3 Kxb4 71. Kf2 Kc3 72. Kg1
Kd2 73. Kf2 Ba6 74. Kg1 Ke2 75. Kh1 Kf2 1/2-1/2

[Event "43. Olimpiada Batumi 2018 Femenina"]
[Site "Batumi GEO"]
[Date "2018.09.28"]
[Round "5.4"]
[White "Fataliyeva, Ulviyya"]
[Black "Markantonaki, Haritomeni"]
[Result "1-0"]
[WhiteElo "2320"]
[BlackElo "2149"]
[PlyCount "65"]
[EventDate "2018.09.24"]
[EventType "team-swiss"]
[EventRounds "11"]
[EventCountry "GEO"]
[SourceTitle "Ajedrez en Madrid"]
[Source "lmi"]
[SourceDate "2018.09.24"]
[WhiteTeam "Azerbaijan"]
[BlackTeam "Greece"]
[WhiteTeamCountry "AZE"]
[BlackTeamCountry "GRE"]

1. e4 c5 2. Nf3 e6 3. c4 Nc6 4. d4 cxd4 5. Nxd4 Nf6 6. Nc3 Bb4 7. Nxc6 bxc6 8.
Bd3 e5 9. O-O O-O 10. Be3 d6 11. h3 Be6 12. Qe2 Nd7 13. Rfd1 Qe7 14. Na4 c5 15.
Bc2 Rad8 16. Rab1 Ba5 17. a3 Nb6 18. Nxb6 Bxb6 19. b3 h6 20. Qh5 Rd7 21. f4
exf4 22. Bxf4 Rfd8 23. Rd3 Qf6 24. Rf1 Qg6 25. Qe2 f5 26. Rg3 Qf6 27. e5 dxe5
28. Bxe5 Qh4 29. Rg6 Re8 30. Bf6 Bf7 31. Rxg7+ Kf8 32. Rxf7+ Rxf7 33. Qxe8+ 1-0

[Event "43. Olimpiada Batumi 2018 Femenina"]
[Site "Batumi GEO"]
[Date "2018.09.28"]
[Round "5.1"]
[White "Nasriddinzoda, Marvorii"]
[Black "Matras-Clement, Agnieszka"]
[Result "1/2-1/2"]
[WhiteElo "2090"]
[BlackElo "2225"]
[PlyCount "88"]
[EventDate "2018.09.24"]
[EventType "team-swiss"]
[EventRounds "11"]
[EventCountry "GEO"]
[SourceTitle "Ajedrez en Madrid"]
[Source "lmi"]
[SourceDate "2018.09.24"]
[WhiteTeam "Tajikistan"]
[BlackTeam "Canada"]
[WhiteTeamCountry "TJK"]
[BlackTeamCountry "CAN"]

1. d4 d5 2. c4 e6 3. Nc3 c5 4. cxd5 exd5 5. Nf3 Nc6 6. e3 Nf6 7. Be2 cxd4 8.
Nxd4 Bd6 9. Bf3 Be5 10. Nxc6 bxc6 11. O-O O-O 12. h3 Bc7 13. Ne2 Qd6 14. Ng3
Rb8 15. b3 Re8 16. Qd3 h5 17. Rd1 h4 18. Nf1 Ne4 19. Bxe4 Rxe4 20. Qxe4 dxe4
21. Rxd6 Bxd6 22. Bb2 Be6 23. Rc1 Bd5 24. Nd2 f6 25. Nc4 Bc7 26. Bd4 a5 27. Bc5
Kf7 28. Kf1 Ke6 29. Ke2 g5 30. Nb2 f5 31. Na4 f4 32. Bd4 f3+ 33. gxf3 exf3+ 34.
Kd3 Kf7 35. e4 Be6 36. Rxc6 Bf4 37. Nc5 Bxh3 38. e5 Bf1+ 39. Ke4 h3 40. Rf6+
Ke7 41. Re6+ Kf7 42. Rf6+ Ke7 43. Re6+ Kf7 44. Rf6+ Ke7 1/2-1/2

[Event "43. Olimpiada Batumi 2018 Femenina"]
[Site "Batumi GEO"]
[Date "2018.09.28"]
[Round "5.2"]
[White "Ouellet, Maili-Jade"]
[Black "Antonova, Nadezhda"]
[Result "1-0"]
[WhiteElo "2144"]
[BlackElo "2038"]
[PlyCount "59"]
[EventDate "2018.09.24"]
[EventType "team-swiss"]
[EventRounds "11"]
[EventCountry "GEO"]
[SourceTitle "Ajedrez en Madrid"]
[Source "lmi"]
[SourceDate "2018.09.24"]
[WhiteTeam "Canada"]
[BlackTeam "Tajikistan"]
[WhiteTeamCountry "CAN"]
[BlackTeamCountry "TJK"]

1. d4 Nf6 2. c4 e6 3. Nc3 Bb4 4. e3 c5 5. Bd3 O-O 6. Nf3 b6 7. a3 Bxc3+ 8. bxc3
Bb7 9. O-O d6 10. Qc2 Nc6 11. d5 Na5 12. dxe6 fxe6 13. Ng5 Qe7 14. Bxh7+ Kh8
15. f4 Nxc4 16. Bd3 Na5 17. Qf2 Ng4 18. Qh4+ Nh6 19. Qh5 Rf6 20. Nh7 g6 21.
Qxh6 Qxh7 22. Qg5 Raf8 23. c4 Kg8 24. Bb2 Rf5 25. Bxf5 exf5 26. Rac1 Ba6 27.
Rf3 Qh5 28. Qe7 Rf7 29. Qe8+ Rf8 30. Qe6+ 1-0

[Event "43. Olimpiada Batumi 2018 Femenina"]
[Site "Batumi GEO"]
[Date "2018.09.28"]
[Round "5.3"]
[White "Hotami, Mutriba"]
[Black "Demchenko, Svitlana"]
[Result "1/2-1/2"]
[WhiteElo "1840"]
[BlackElo "2134"]
[PlyCount "131"]
[EventDate "2018.09.24"]
[EventType "team-swiss"]
[EventRounds "11"]
[EventCountry "GEO"]
[SourceTitle "Ajedrez en Madrid"]
[Source "lmi"]
[SourceDate "2018.09.24"]
[WhiteTeam "Tajikistan"]
[BlackTeam "Canada"]
[WhiteTeamCountry "TJK"]
[BlackTeamCountry "CAN"]

1. e4 c5 2. Nc3 Nc6 3. d3 g6 4. Be3 d6 5. d4 cxd4 6. Bxd4 Nxd4 7. Qxd4 Nf6 8.
e5 dxe5 9. Bb5+ Bd7 10. Qxe5 a6 11. Bxd7+ Qxd7 12. Nge2 Bg7 13. Rd1 Qf5 14.
Qxf5 gxf5 15. O-O O-O 16. Rd3 e6 17. Rfd1 b5 18. a3 Ng4 19. b3 Rfc8 20. Rg3 Kh8
21. h3 Nf6 22. Rgd3 Bf8 23. b4 Ng8 24. Nd4 Ne7 25. f4 Rc4 26. Nde2 Bg7 27. Rd8+
Rxd8 28. Rxd8+ Ng8 29. Rd3 Bf6 30. Kf2 Ne7 31. Kf3 h5 32. g3 Kg7 33. Kf2 Nc8
34. Kf3 Rc6 35. Ke3 Nb6 36. Kf3 Nc4 37. a4 e5 38. Rd5 e4+ 39. Kf2 bxa4 40. Nxa4
Kg6 41. Nd4 Bxd4+ 42. Rxd4 Na3 43. c3 Nb5 44. Rd5 Nxc3 45. Nxc3 Rxc3 46. Rd6+
Kg7 47. h4 Ra3 48. Rb6 Rb3 49. Rxa6 Rxb4 50. Rd6 Rb2+ 51. Kf1 Rc2 52. Rb6 Rd2
53. Rc6 Rd5 54. Kf2 Rd7 55. Rb6 Re7 56. Ke3 Re6 57. Rb8 Rd6 58. Rc8 Rb6 59. Ra8
Rc6 60. Rb8 Kf6 61. Rb5 Ke6 62. Re5+ Kf6 63. Re8 Rd6 64. Re5 Rd3+ 65. Kf2 Rd2+
66. Kf1 1/2-1/2

[Event "43. Olimpiada Batumi 2018 Femenina"]
[Site "Batumi GEO"]
[Date "2018.09.28"]
[Round "5.4"]
[White "Agbabishvili, Lali"]
[Black "Abrorova, Sabrina"]
[Result "1-0"]
[WhiteElo "2128"]
[BlackElo "1685"]
[PlyCount "89"]
[EventDate "2018.09.24"]
[EventType "team-swiss"]
[EventRounds "11"]
[EventCountry "GEO"]
[SourceTitle "Ajedrez en Madrid"]
[Source "lmi"]
[SourceDate "2018.09.24"]
[WhiteTeam "Canada"]
[BlackTeam "Tajikistan"]
[WhiteTeamCountry "CAN"]
[BlackTeamCountry "TJK"]

1. d4 Nf6 2. Nf3 g6 3. c4 Bg7 4. Nc3 d6 5. e3 O-O 6. Be2 c5 7. O-O cxd4 8. exd4
d5 9. b3 Nc6 10. Bb2 b6 11. Ne5 Bb7 12. Bf3 e6 13. Nxc6 Bxc6 14. b4 Rc8 15. b5
Ba8 16. Ba3 Re8 17. c5 bxc5 18. Bxc5 Qa5 19. Qb3 Nd7 20. Bb4 Qb6 21. Rad1 Rc4
22. Be2 Rxd4 23. Na4 Qb8 24. Nc5 Nxc5 25. Bxc5 Rxd1 26. Rxd1 Bf8 27. Bxf8 Rxf8
28. Bf3 Rc8 29. h4 Qc7 30. h5 Qc4 31. Qb2 Qc3 32. Qe2 Rc4 33. h6 Bb7 34. Bxd5
Bxd5 35. Rxd5 Rc8 36. Rd1 e5 37. a4 Re8 38. Qe4 Qc5 39. Qh4 Qb6 40. Rd7 e4 41.
Re7 Rc8 42. Qxe4 Rc1+ 43. Kh2 Qb8+ 44. g3 Rc8 45. Qd4 1-0

[Event "43. Olimpiada Batumi 2018 Femenina"]
[Site "Batumi GEO"]
[Date "2018.09.28"]
[Round "5.1"]
[White "Khademalsharieh, Sarasadat"]
[Black "Vo, Thi Kim Phung"]
[Result "1-0"]
[WhiteElo "2431"]
[BlackElo "2368"]
[PlyCount "115"]
[EventDate "2018.09.24"]
[EventType "team-swiss"]
[EventRounds "11"]
[EventCountry "GEO"]
[SourceTitle "Ajedrez en Madrid"]
[Source "lmi"]
[SourceDate "2018.09.24"]
[WhiteTeam "Iran"]
[BlackTeam "Vietnam"]
[WhiteTeamCountry "IRI"]
[BlackTeamCountry "VIE"]

1. d4 Nf6 2. c4 g6 3. g3 Bg7 4. Bg2 d6 5. Nf3 O-O 6. O-O Nbd7 7. Nc3 e5 8. e4
exd4 9. Nxd4 Re8 10. h3 Nc5 11. Re1 a5 12. Rb1 Nfd7 13. b3 Ne5 14. Be3 Bd7 15.
Qc2 Nc6 16. Rbd1 Nxd4 17. Bxd4 Bxd4 18. Rxd4 Qf6 19. Rd2 Bc6 20. Nd5 Bxd5 21.
cxd5 Qg5 22. Kh2 Qh5 23. Rde2 Na6 24. f4 Rad8 25. Qc3 b6 26. a3 Rc8 27. b4 axb4
28. axb4 c5 29. bxc5 Nxc5 30. Qd4 Qh6 31. e5 Qg7 32. Qd2 Qf8 33. e6 f5 34. Rb1
Rb8 35. Qe3 Re7 36. Reb2 Qd8 37. Bf3 Ra7 38. g4 fxg4 39. hxg4 b5 40. Kg3 Rab7
41. Qd4 Qf8 42. Be2 Ra8 43. Rxb5 Rxb5 44. Rxb5 Ra4 45. Qe3 Re4 46. Qf3 Ra4 47.
Rxc5 dxc5 48. Qe3 Ra7 49. Qe5 Ra3+ 50. Kf2 Qe7 51. g5 c4 52. Qb8+ Kg7 53. d6
Qxe6 54. Qb2+ c3 55. Qxa3 Qc8 56. Qa7+ Kf8 57. Qe7+ Kg8 58. d7 1-0

[Event "43. Olimpiada Batumi 2018 Femenina"]
[Site "Batumi GEO"]
[Date "2018.09.28"]
[Round "5.2"]
[White "Pham, Le Thao Nguyen"]
[Black "Alinasab, Mobina"]
[Result "1/2-1/2"]
[WhiteElo "2347"]
[BlackElo "2261"]
[PlyCount "107"]
[EventDate "2018.09.24"]
[EventType "team-swiss"]
[EventRounds "11"]
[EventCountry "GEO"]
[SourceTitle "Ajedrez en Madrid"]
[Source "lmi"]
[SourceDate "2018.09.24"]
[WhiteTeam "Vietnam"]
[BlackTeam "Iran"]
[WhiteTeamCountry "VIE"]
[BlackTeamCountry "IRI"]

1. d4 Nf6 2. Nf3 b6 3. e3 Bb7 4. Bd3 e6 5. b3 c5 6. O-O Be7 7. Bb2 O-O 8. Nbd2
cxd4 9. exd4 d6 10. Re1 Re8 11. a3 Nbd7 12. Nf1 Bf8 13. Ng3 Rc8 14. c4 Qc7 15.
h3 g6 16. Rc1 Qb8 17. Bf1 Bg7 18. Rc2 Qa8 19. Nd2 a6 20. a4 d5 21. Nb1 Bf8 22.
Qd3 Qb8 23. Nc3 Bc6 24. Ba1 Bb4 25. Rec1 Bb7 26. Bb2 Bd6 27. cxd5 exd5 28. Nce2
Rxc2 29. Rxc2 h5 30. Nc3 Nf8 31. Bc1 Ne6 32. Be2 Nf4 33. Bxf4 Bxf4 34. Nf1 Qd6
35. Nb1 Bc8 36. Qd1 Bf5 37. Bd3 Bc8 38. Re2 Rxe2 39. Qxe2 a5 40. Qc2 Qc7 41.
Nc3 Be6 42. Ne2 Qxc2 43. Bxc2 Bd6 44. h4 Kf8 45. f3 Nd7 46. Bd3 Ke7 47. Kf2 Bb4
48. Ne3 Nf6 49. Nf4 Bd6 50. Ne2 Bb4 51. Nf4 Bd6 52. Ne2 Bb4 53. Nf4 Bd6 54. Ne2
1/2-1/2

[Event "43. Olimpiada Batumi 2018 Femenina"]
[Site "Batumi GEO"]
[Date "2018.09.28"]
[Round "5.3"]
[White "Asadi, Motahare"]
[Black "Hoang, Thi Bao Tram"]
[Result "1-0"]
[WhiteElo "2135"]
[BlackElo "2323"]
[PlyCount "63"]
[EventDate "2018.09.24"]
[EventType "team-swiss"]
[EventRounds "11"]
[EventCountry "GEO"]
[SourceTitle "Ajedrez en Madrid"]
[Source "lmi"]
[SourceDate "2018.09.24"]
[WhiteTeam "Iran"]
[BlackTeam "Vietnam"]
[WhiteTeamCountry "IRI"]
[BlackTeamCountry "VIE"]

1. e4 c6 2. d4 d5 3. e5 c5 4. dxc5 Nc6 5. f4 e6 6. Be3 Nh6 7. Nf3 Bd7 8. c3 Be7
9. Nbd2 Qc7 10. Nd4 a6 11. b4 O-O 12. Bd3 Rfc8 13. O-O Bf8 14. N2b3 g6 15. Qf3
Nxd4 16. cxd4 b6 17. a4 bxc5 18. Nxc5 Bxc5 19. dxc5 Rcb8 20. Rfb1 Bc6 21. Qe2
Nf5 22. Bf2 Qa7 23. g4 Ne7 24. Bd4 Be8 25. b5 Qc7 26. f5 gxf5 27. gxf5 exf5 28.
b6 Qc8 29. Qh5 Qe6 30. b7 Ra7 31. c6 f6 32. c7 1-0